Quizz sur la martinique - Statistiques

Statistiques générales
  • Ce quiz a été pris 297 fois
  • Le résultat moyen est 6 sur 17
Statistiques - réponses
Hint Réponse % Correct
En quelle année était l'éruption de la montagne pelée 1902
78%
Il était écrivain, maire, homme politique, député, poète et bien d'autres Aimé Césaire
78%
Celebre eau pétillante de l'ile Didier
66%
On le brule pendant le Carnaval Vaval
61%
Après Fort-de-France et le Lamentin, quel est la ville la plus peuplée? Le robert
49%
Quel était le nom du célèbre prisonnier ayant survécu a l'éruption? Cyparis
46%
Quel est le surnom de la Martinique? L'ile aux fleurs
43%
Célebre usine rouge du Lamentin qui porte le nom d'une région Française Brasserie Lorraine
40%
Un des hommes a l'origine de l'abolition de l'esclavage, il a de multiples choses a son nom dont une ville Victor Schoelcher
31%
Un plat traditionnel a base de poisson court-bouillon
23%
Légende de la yole ronde avec 11 titres Félix Mérine
21%
Peuple Amérindien vivant en Martinique avant l'arrivée des Espagnols Arawaks
20%
Année de découverte de la Martinique 1502
17%
Un des symboles de la Martinique sous domination Anglaise en 1804 Le Rocher du Diamant
16%
Lieu ou ont été caché une partie de l'or francais durant la guerre mondiale Le Fort Saint Louis
15%
Quel est l'age minimum d'un rhum VSOP 4 ans
13%
Personnage Historique née aux Trois-Ilets Joséphine de Beauharnais
9%
Aucun quiz correspondant
Distribution des résultats
% des personnes avec chaque résultat
Percentile par nombre de réponses
Votre historique - résultats
Vous n’avez pas pris ce quiz